| 000 | 00953nam a22002537a 4500 | ||
|---|---|---|---|
| 005 | 20100407140256.0 | ||
| 008 | 100407t xxu||||| |||| 00| 0 eng d | ||
| 010 | _aENG-95989 | ||
| 020 |
_a9788131726747 _c350.00 |
||
| 035 | _aEN-79522 | ||
| 037 | _bDBAD/VEN | ||
| 040 |
_adpl _bEnglish |
||
| 082 | _a000 | ||
| 100 | _aThorpe, Edgar | ||
| 245 |
_aObjective general knowledge/ _cby Edgar Thorpe and Showick Thorpe |
||
| 250 | _a2nd ed. | ||
| 260 |
_aDelhi _bDorling Kindersley (India) Pvt. Ltd. Licensees of Pearson Education _c2009 |
||
| 270 |
_a14, Local Shopping Centre, Panchsheel Park _bDelhi _e110017 |
||
| 300 |
_a561p. : _c28cm. (pbk) |
||
| 700 | _aThorpe, Showick | ||
| 942 |
_adpl _cEN _2ddc _mTHO _e2nd ed. _h000 |
||
| 999 |
_c35131 _d35131 |
||